Adalet kavramı (Record no. 11794)

MARC details
000 -BAŞLIK
Sabit Uzunlukta Kontrol Alanı 00743na a2200241 4500
001 - KONTROL NUMARASI
Denetim Alanı 24507
003 - KONTROL NUMARASI IDENTIFIER
Denetim Alanı MIRAKIL
005 - SON İŞLEM TARİHİ VE ZAMANI
Denetim Alanı 20181226104234.0
008 - SABİT-BOY VERİ ELEMANLARI - GENEL BİLGİLER
Sabit Uzunlukta Kontrol Alanı 181126b tu 000 0
020 ## - ULUSLARARASI STANDART KİTAP NUMARASI
Uluslararası Standart Kitap Numarası 9757748064
041 ## - DİL KODU
Metin / Ses Parça Veya Ayrı Başlığın Dil Kodu tur
082 ## - DEWEY ONLU SINIFLANDIRMA NUMARASI
Sınıflandırma Numarası 340.11
Ürün Numarası A22 1994
090 ## - SINIFLAMA NUMARASI
Sınıflama Numarası 340.11 A22 1994
245 ## - BAŞLIK TABLOSU
Başlık Adalet kavramı
Sorumluluk Tablosu, Vb editör Adnan Güriz
260 ## - YAYIN, DAĞITIM, VB
Yayın, Dağıtım, Vb Yeri Ankara
Yayıncı, Dağıtıcı, Vs Adı Türkiye Felsefe Kurumu
Yayın, Dağıtım, Vb Tarihi 1994
300 ## - FİZİKSEL TANIM
Kapsam 131 s.
Boyutlar 24 sm.
500 ## - GENEL NOT
Genel Not Kitapta, Türkiye Felsefe Kurumu ile Alman Kültür Merkezi'nin düzenlediği "Adalet Kavramı Semineri"nde sunulan tebliğlere yer verilmiştir
504 ## - KAYNAKÇA VB NOT
Kaynakça Vb Notu Kaynakça var.
650 ## - KONU KATMA GİRİŞ - TOPİKAL DÖNEM
Topikal Süreli Veya Coğrafi Ad Giriş Elemanı Adalet
Genel Alt Bölümü Türkiye
700 ## - KATMA GİRİŞ - KİŞİSEL İSİM
Kişisel Ad Güriz, Adnan
942 ## - EKLENDİ GİRİŞ ELEMANLARI (KOHA)
Sınıflandırma Veya Raf Düzeni Kaynak Dewey Decimal Classification
Koha Öğesi Türü Books
040 ## - KATALOGLAMA KAYNAK
Orijinal Kataloglama Ajansı Milas
Kataloglama Dili tur
Metne Dönüştürmek Ajansı TR-AnCHP
999 ## - SİSTEM KONTROL NUMARALARI (KOHA)
Koha Biblionumber 11794
Koha Biblioitemnumber 11794
Holdings
Kullanım Kısıtlamaları Kalıcı Konum Mevcut Konum Edinme Tarihi Toplam Check-Out'Lar Tam Çağrı Numarası Barkod Tarih Son Görülme İtibaren Geçerli Fiyatlar Sigara Kamu Notu Koha Öğesi Türü
  Parti Okulu Kütüphanesi Parti Okulu Kütüphanesi 11/26/2018   340.11 A22 1994 P00239 11/26/2018 11/26/2018 Books